[Event "USA-ch15 prel 06 corr"]
[Site "USA"]
[Date "2000.06.20"]
[Round "?"]
[White "Connery, Christopher"]
[Black "Bates, Michael W"]
[Result "0-1"]
[WhiteElo "2142"]
[BlackElo "2340"]
[PlyCount "72"]
[EventDate "2000.06.20"]
[EventType "tourn (corr)"]
[EventRounds "12"]
[EventCountry "USA"]
[SourceTitle "Corr 2006"]
[Source "ChessBase"]
[SourceDate "2006.04.01"]
[SourceVersion "3"]
[SourceVersionDate "2006.04.01"]
[SourceQuality "1"]

1. e4 e5 2. Nf3 Nc6 3. Nc3 Nf6 4. g3 Bb4 5. Bg2 d6 6. 0-0 Bg4 7. Re1 Nd4 8. Nd5 Nxd5 9. exd5 Qf6 10. Re3 Bc5 11. d3 0-0 12. h3 Nxf3+ 13. Bxf3 Bxe3 14. hxg4 Bxc1 15. Rxc1 Rfe8 16. Be4 Qh6 17. b4 a5 18. b5 Rad8 19. c4 Qg5 20. Rc2 a4 21. a3 Ra8 22. Bg2 Rf8 23. Bh3 Qf6 24. Bg2 Qg6 25. Qe2 f5 26. gxf5 Qxf5 27. Be4 Qh3 28. Bg2 Qh6 29. Qg4 Rf7 30. Qh3 Qxh3 31. Bxh3 Rf3 32. c5 Rxd3 33. b6 cxb6 34. cxd6 Kf8 35. d7 Rd8 36. Be6 Ke7 0-1

[Event "USA-ch15 prel 06 corr"]
[Site "USA"]
[Date "2000.06.20"]
[Round "?"]
[White "Connery, Christopher"]
[Black "Clark, William O"]
[Result "0-1"]
[WhiteElo "2142"]
[BlackElo "2114"]
[PlyCount "74"]
[EventDate "2000.06.20"]
[EventType "tourn (corr)"]
[EventRounds "12"]
[EventCountry "USA"]
[SourceTitle "Corr 2006"]
[Source "ChessBase"]
[SourceDate "2006.04.01"]
[SourceVersion "3"]
[SourceVersionDate "2006.04.01"]
[SourceQuality "1"]

1. e4 c6 2. d4 d5 3. Nc3 dxe4 4. Nxe4 Nd7 5. Nf3 Ngf6 6. Ng3 e6 7. Bd3 Be7 8. Qe2 0-0 9. Bg5 c5 10. 0-0-0 cxd4 11. Kb1 Qb6 12. Bxf6 Nxf6 13. Nxd4 Nd5 14. Nb3 Nf4 15. Qe4 Nxd3 16. Rxd3 Qxf2 17. Rf1 Qb6 18. Nh5 Qb5 19. Qg4 Qg5 20. Qxg5 Bxg5 21. Nc5 Be7 22. Ne4 f5 23. Nd6 Bxd6 24. Rxd6 e5 25. Ng3 g6 26. Ne2 b6 27. Nc3 Bb7 28. g3 Rad8 29. Rxd8 Rxd8 30. Rd1 Rxd1+ 31. Nxd1 Kf7 32. c4 g5 33. Kc2 Ke6 34. Nf2 f4 35. gxf4 gxf4 36. Kd2 e4 37. Ke2 Ke5 0-1